[Event "Styrian op U14/18 28th"]
[Site "Mureck"]
[Date "2022.08.11"]
[Round "9"]
[White "Widhalm, Hanna"]
[Black "Wurm, Emily"]
[Result "1/2-1/2"]
[WhiteElo "1107"]
[BlackElo "990"]
[PlyCount "61"]
[EventDate "2022.08.03"]
[EventType "swiss"]
[EventRounds "9"]
[EventCountry "AUT"]
[SourceTitle "EXT 2023"]
[Source "ChessBase"]
[SourceDate "2022.10.05"]
[SourceVersion "1"]
[SourceVersionDate "2022.10.05"]
[SourceQuality "1"]

1. e4 e5 2. Nf3 Nc6 3. Bc4 Bc5 4. c3 Nf6 5. d3 d6 6. 0-0 0-0 7. a4 a6 8. Re1 Be6 9. Nbd2 Rb8 10. b4 Ba7 11. b5 Ne7 12. Ba2 axb5 13. axb5 Bb6 14. Nf1 Qd7 15. c4 c6 16. d4 exd4 17. Nxd4 d5 18. Nxe6 fxe6 19. exd5 exd5 20. Be3 Bxe3 21. Nxe3 Rfe8 22. Kf1 dxc4 23. Bxc4+ Kh8 24. Qxd7 Nxd7 25. Ra7 Nc5 26. bxc6 Nxc6 27. Ra2 Ra8 28. Rxa8 Rxa8 29. Bd5 h6 30. Rc1 Ra5 31. h3 1/2-1/2

[Event "Styrian op U14/18 28th"]
[Site "Mureck"]
[Date "2022.08.05"]
[Round "3"]
[White "Engel, Samuel"]
[Black "Widhalm, Hanna"]
[Result "1/2-1/2"]
[WhiteElo "940"]
[BlackElo "1107"]
[PlyCount "77"]
[EventDate "2022.08.03"]
[EventType "swiss"]
[EventRounds "9"]
[EventCountry "AUT"]
[SourceTitle "EXT 2023"]
[Source "ChessBase"]
[SourceDate "2022.10.05"]
[SourceVersion "1"]
[SourceVersionDate "2022.10.05"]
[SourceQuality "1"]

1. e4 e5 2. Nf3 Nc6 3. Bc4 Bc5 4. 0-0 Nf6 5. Nc3 0-0 6. d3 h6 7. Be3 Bb6 8. Qd2 d6 9. d4 Bg4 10. d5 Bxf3 11. dxc6 Nxe4 12. Nxe4 Bxe4 13. cxb7 Bxb7 14. Bxh6 Qf6 15. Be3 Qg6 16. Bd5 Bxd5 17. Qxd5 Bxe3 18. fxe3 Qxc2 19. b3 Qc5 20. Qxc5 dxc5 21. Rac1 Rfd8 22. Rxc5 Rd2 23. Rf2 Rad8 24. Rc1 Rxf2 25. Kxf2 Rd2+ 26. Kf3 Rxa2 27. Rxc7 e4+ 28. Kg3 g5 29. h4 gxh4+ 30. Kxh4 Rxg2 31. Re7 f5 32. Rxa7 Re2 33. Ra5 Rxe3 34. Rxf5 Rxb3 35. Re5 Rb4 36. Kg3 Rb3+ 37. Kf4 e3 38. Rxe3 Rxe3 39. Kxe3 1/2-1/2